000 01122cas a22003257a 4500
005 20220329142323.0
008 000621d us qr pernn 0 b1eng d
010 _a81666
011 _a82638
035 _a93137
245 0 0 _aContribution From Boyce Thompson Institute
_c/by Thompson Institute for Plant Research
260 0 _aNew York :
_bThompson Institute for Plant Research,
_c192?-1971.
300 _av.
310 _aTrimestral
362 _av.24 n.1,1967.
500 _aSe dejó de recibir a partir del v.24 n.14,1971.
590 _aBATCH-UPD
_b10
_c20130110
_lUCH01
_h2248
590 _aBATCH-UPD
_b10
_c20130410
_lUCH01
_h1542
590 _aBATCH-UPD
_b10
_c20130914
_lUCH01
_h0737
590 _aCONVERSION
_b10
_c20130109
_lUCH01
_h1345
650 1 4 _aBotánica
_xPublicaciones periódicas.
_914606
866 _av.10-13 (1938-1945)
866 _av.14 n.1-7 (1946-1947)
866 _av.15 n.3-9 (1948-1949)
866 _av.22 n.1-8 (1963-1964)
866 _av.23 n.1-11 (1964-1967)
866 _av.24 n.1-14 (1967-1971)
901 _aSE
905 _aLilia Sánchez G.
999 _c81666
_d81666